<?xml version="1.0" encoding="UTF-8"?>
<record
    xmlns:xsi="http://www.w3.org/2001/XMLSchema-instance"
    xsi:schemaLocation="http://www.loc.gov/MARC21/slim http://www.loc.gov/standards/marcxml/schema/MARC21slim.xsd"
    xmlns="http://www.loc.gov/MARC21/slim">

  <leader>00647nam a22002177a 4500</leader>
  <controlfield tag="003">OSt</controlfield>
  <controlfield tag="005">20140310182355.0</controlfield>
  <controlfield tag="008">131001t        xxu||||| |||| 00| 0 eng d</controlfield>
  <datafield tag="020" ind1=" " ind2=" ">
    <subfield code="a">0064421368  </subfield>
  </datafield>
  <datafield tag="050" ind1=" " ind2=" ">
    <subfield code="a">PZ 8</subfield>
    <subfield code="b">.L349 2000</subfield>
  </datafield>
  <datafield tag="082" ind1=" " ind2=" ">
    <subfield code="a">GS 398.22 </subfield>
    <subfield code="b">L35 2000</subfield>
  </datafield>
  <datafield tag="100" ind1=" " ind2=" ">
    <subfield code="a">Lattimore, Deborah Nourse</subfield>
    <subfield code="9">22317</subfield>
  </datafield>
  <datafield tag="245" ind1=" " ind2=" ">
    <subfield code="a">Arabian nights : </subfield>
    <subfield code="b">three tales /</subfield>
    <subfield code="c">Deborah Nourse Lattimore</subfield>
  </datafield>
  <datafield tag="260" ind1=" " ind2=" ">
    <subfield code="a">New York : </subfield>
    <subfield code="b">Harper Trophy, </subfield>
    <subfield code="c">2000.  </subfield>
  </datafield>
  <datafield tag="300" ind1=" " ind2=" ">
    <subfield code="a">69 p. :</subfield>
    <subfield code="b">ill. ;</subfield>
    <subfield code="c">20 cm.</subfield>
  </datafield>
  <datafield tag="650" ind1=" " ind2=" ">
    <subfield code="a">Fairy tales. </subfield>
    <subfield code="9">3114</subfield>
  </datafield>
  <datafield tag="650" ind1=" " ind2=" ">
    <subfield code="a">Arabs</subfield>
    <subfield code="x">Folklore.  </subfield>
    <subfield code="9">22318</subfield>
  </datafield>
  <datafield tag="651" ind1=" " ind2=" ">
    <subfield code="a">Folklore</subfield>
    <subfield code="x">Arab countries. </subfield>
    <subfield code="9">22319</subfield>
  </datafield>
  <datafield tag="942" ind1=" " ind2=" ">
    <subfield code="2">lcc</subfield>
    <subfield code="c">BK-GS</subfield>
  </datafield>
  <datafield tag="999" ind1=" " ind2=" ">
    <subfield code="c">12476</subfield>
    <subfield code="d">12476</subfield>
  </datafield>
  <datafield tag="952" ind1=" " ind2=" ">
    <subfield code="0">0</subfield>
    <subfield code="1">0</subfield>
    <subfield code="2">lcc</subfield>
    <subfield code="4">0</subfield>
    <subfield code="a">LUX</subfield>
    <subfield code="b">LUX</subfield>
    <subfield code="c">GS</subfield>
    <subfield code="d">2013-10-01</subfield>
    <subfield code="l">1</subfield>
    <subfield code="o">PZ 8 .L349Ar 2000</subfield>
    <subfield code="p">14601</subfield>
    <subfield code="r">2017-08-18 00:00:00</subfield>
    <subfield code="s">2017-08-09</subfield>
    <subfield code="t">1</subfield>
    <subfield code="w">2013-10-01</subfield>
    <subfield code="y">BK</subfield>
  </datafield>
</record>
